000 00671nam a22001937a 4500
003 OSt
005 20210301065950.0
008 210226s1991 ||||| |||| 00| 0 eng d
040 _aeng
_beng
_cDLC
_deng
041 _aeng
080 _a616.8
_bD-18
100 _91180
_aDandy, E. Walter
245 _aThis Special Edition of Benign Tumors in the Third Ventricle of the Brain: Diagnosis and Treatment
_b/ by: The Classics of Neurology and Neurosurgery Library
260 _aBirmingham, Alabama
_bThe Classics of Neurology and Neurosurgery Library
_c1991
300 _a171 p.
_bill.
650 0 _9100
_aNeurology
653 _aნევროლოგია
942 _2udc
_cBK
999 _c1803
_d1803